Contaminated land clean up regime finally in sight (Record no. 61289)
[ view plain ]
| 000 -LEADER | |
|---|---|
| fixed length control field | 01007cam a2200229 4500 |
| 001 - CONTROL NUMBER | |
| control field | ABS61538 |
| 008 - FIXED-LENGTH DATA ELEMENTS--GENERAL INFORMATION | |
| fixed length control field | 000000n1999 000 0 eng u |
| 035 ## - SYSTEM CONTROL NUMBER | |
| System control number | (Sirsi) u102257 |
| 100 ## - MAIN ENTRY--PERSONAL NAME | |
| Personal name | Fogleman, V. |
| 245 ## - TITLE STATEMENT | |
| Title | Contaminated land clean up regime finally in sight |
| 260 ## - PUBLICATION, DISTRIBUTION, ETC. | |
| Date of publication, distribution, etc. | 1999 |
| 490 ## - SERIES STATEMENT | |
| Series statement | Environment Information Bulletin |
| Volume/sequential designation | (94) November 1999, 9-11(3) |
| 520 ## - SUMMARY, ETC. | |
| Summary, etc. | Government has issued the draft guidance on the remediation of contaminated land, however the author argues that the proposals will be difficult to implement and make the system more complex than at present. Copies of the document "Contaminated land: implementation of Part IIA of the Environmental Protection Act 1990" can be obtained at www.detr.gov.uk/consult or tel. 020 7890 5287. |
| 590 ## - LOCAL NOTE (RLIN) | |
| Local note | ABS |
| 650 ## - SUBJECT ADDED ENTRY--TOPICAL TERM | |
| Topical term or geographic name entry element | CONTAMINATED LAND |
| 650 ## - SUBJECT ADDED ENTRY--TOPICAL TERM | |
| Topical term or geographic name entry element | REMEDIATION |
| 650 ## - SUBJECT ADDED ENTRY--TOPICAL TERM | |
| Topical term or geographic name entry element | DRAFT GUIDANCE |
| 650 ## - SUBJECT ADDED ENTRY--TOPICAL TERM | |
| Topical term or geographic name entry element | EXCLUSION TESTS |
| 650 ## - SUBJECT ADDED ENTRY--TOPICAL TERM | |
| Topical term or geographic name entry element | HISTORIC POLLUTION |
| 690 ## - LOCAL SUBJECT ADDED ENTRY--TOPICAL TERM (OCLC, RLIN) | |
| Topical term or geographic name as entry element | ENVIRONMENTAL AND LAND CONSULTANCY |
| 942 ## - ADDED ENTRY ELEMENTS (KOHA) | |
| Suppress in OPAC | 0 |
| Withdrawn status | Lost status | Source of classification or shelving scheme | Damaged status | Not for loan | Home library | Current library | Shelving location | Date acquired | Total Checkouts | Full call number | Barcode | Date last seen | Copy number | Price effective from | Koha item type |
|---|---|---|---|---|---|---|---|---|---|---|---|---|---|---|---|
| Dewey Decimal Classification | London | London | Journal article | 18/11/1999 | ABS61538 | 102257-1001 | 06/08/2019 | 1 | 06/08/2019 | Journal article |